[Event "Rio de Janeiro Cunha Memorial"]
[Site "Rio de Janeiro"]
[Date "2014.09.11"]
[Round "8"]
[White "Crosa Coll, Martin"]
[Black "Rangel, Daniel"]
[Result "1/2-1/2"]
[WhiteElo "2321"]
[BlackElo "2308"]
[PlyCount "20"]
[EventDate "2014.09.08"]
[EventType "tourn"]
[EventRounds "9"]
[EventCountry "BRA"]
[EventCategory "4"]
[SourceTitle "EXT 2015"]
[Source "ChessBase"]
[SourceDate "2014.11.20"]
[SourceVersion "1"]
[SourceVersionDate "2014.11.20"]
[SourceQuality "1"]

1. e4 c5 2. Nf3 d6 3. Bb5+ Bd7 4. Bxd7+ Qxd7 5. d4 cxd4 6. Nxd4 Nf6 7. Nc3 Nc6 8. 0-0 e6 9. Be3 Be7 10. Qe2 0-0 1/2-1/2

[Event "Rio de Janeiro Cunha Memorial"]
[Site "Rio de Janeiro"]
[Date "2014.09.10"]
[Round "5"]
[White "Cunha, Eduardo Arruda da G"]
[Black "Crosa Coll, Martin"]
[Result "1-0"]
[WhiteElo "2335"]
[BlackElo "2321"]
[PlyCount "51"]
[EventDate "2014.09.08"]
[EventType "tourn"]
[EventRounds "9"]
[EventCountry "BRA"]
[EventCategory "4"]
[SourceTitle "EXT 2015"]
[Source "ChessBase"]
[SourceDate "2014.11.20"]
[SourceVersion "1"]
[SourceVersionDate "2014.11.20"]
[SourceQuality "1"]

1. e4 g6 2. d4 Bg7 3. Nc3 d6 4. Be3 a6 5. Qd2 b5 6. a3 Bb7 7. Be2 Nd7 8. f4 e6 9. Bf3 Ne7 10. 0-0-0 Nb6 11. b3 Qd7 12. h4 a5 13. e5 Bxf3 14. Nxf3 a4 15. Kb2 d5 16. Qe2 axb3 17. cxb3 0-0 18. h5 Rfb8 19. hxg6 hxg6 20. Ng5 Nc6 21. Qg4 Na5 22. Bc1 Qc6 23. Rh7 Nbc4+ 24. bxc4 Qxc4 25. Qh3 b4 26. Rh8+ 1-0

[Event "URU-chT Clubs"]
[Site "Punta del Este"]
[Date "2014.08.24"]
[Round "3.11"]
[White "Crosa Coll, Martin"]
[Black "Grushka, Carlos"]
[Result "1-0"]
[WhiteElo "2332"]
[BlackElo "2226"]
[PlyCount "45"]
[EventDate "2014.08.23"]
[EventType "team-swiss"]
[EventRounds "5"]
[EventCountry "URU"]
[SourceTitle "EXT 2017"]
[Source "ChessBase"]
[SourceDate "2016.10.25"]
[SourceVersion "1"]
[SourceVersionDate "2016.10.25"]
[SourceQuality "1"]

1. e4 e6 2. d3 d5 3. Nd2 Nf6 4. Ngf3 Bc5 5. e5 Nfd7 6. c3 Bb6 7. d4 c5 8. dxc5 Bxc5 9. Nb3 Bb6 10. Nbd4 Bc7 11. Bg5 Nxe5 12. Bxd8 Nxf3+ 13. Qxf3 Bxd8 14. Bb5+ Kf8 15. 0-0 a6 16. Ba4 g6 17. Rfe1 Kg7 18. Rad1 Bf6 19. Qg3 b5 20. Bb3 Bd7 21. Qc7 Rc8 22. Qb7 Bxd4 23. cxd4 1-0

[Event "Montevideo"]
[Site "Montevideo"]
[Date "2012.11.27"]
[Round "5"]
[White "Crosa Coll, Martin"]
[Black "Conrad, Christian"]
[Result "1-0"]
[WhiteElo "2352"]
[BlackElo "2165"]
[PlyCount "93"]
[EventDate "2012.11.24"]
[EventType "tourn"]
[EventRounds "9"]
[EventCountry "URU"]
[EventCategory "2"]
[SourceTitle "CBM 151 Extra"]
[Source "ChessBase"]
[SourceDate "2012.12.18"]
[SourceVersion "1"]
[SourceVersionDate "2012.12.18"]
[SourceQuality "1"]

1. e4 d5 2. exd5 Qxd5 3. Nc3 Qa5 4. Nf3 Nf6 5. Bc4 Nc6 6. d4 Bg4 7. d5 0-0-0 8. Bd2 Qc5 9. dxc6 Qxc4 10. cxb7+ Kxb7 11. h3 Qe6+ 12. Kf1 Bxf3 13. Qxf3+ Qc6 14. Qe3 e6 15. b4 Nd5 16. Nxd5 Rxd5 17. Bc3 Be7 18. Kg1 Bf6 19. Bxf6 gxf6 20. Kh2 Rg8 21. Rhg1 Qxc2 22. Rac1 Qd2 23. Qf3 Qg5 24. Rc4 Rgd8 25. Rgc1 Qe5+ 26. g3 R8d7 27. R1c3 Kb8 28. Re4 Qd6 29. Rf4 f5 30. Qh5 Rd1 31. Qf3 Qa6 32. Rh4 Qf1 33. Qg2 R7d2 34. Rxh7 Qxg2+ 35. Kxg2 Rxa2 36. Rxf7 Rdd2 37. Rf3 Rd4 38. b5 Rb2 39. h4 Rg4 40. Rc3 f4 41. Kh3 Rg6 42. Rxf4 Rxb5 43. Rf8+ Kb7 44. Rf7 a5 45. Rfxc7+ Kb8 46. Rf7 a4 47. Rf4 1-0

[Event "Montevideo"]
[Site "Montevideo"]
[Date "2012.11.24"]
[Round "1"]
[White "Crosa Coll, Martin"]
[Black "Leon, Juan Carlos"]
[Result "0-1"]
[WhiteElo "2352"]
[BlackElo "2265"]
[PlyCount "112"]
[EventDate "2012.11.24"]
[EventType "tourn"]
[EventRounds "9"]
[EventCountry "URU"]
[EventCategory "2"]
[SourceTitle "CBM 151 Extra"]
[Source "ChessBase"]
[SourceDate "2012.12.18"]
[SourceVersion "1"]
[SourceVersionDate "2012.12.18"]
[SourceQuality "1"]

1. e4 e6 2. d4 d5 3. e5 c5 4. c3 Nc6 5. Nf3 Bd7 6. Bd3 Rc8 7. a3 cxd4 8. cxd4 Qb6 9. 0-0 Nxd4 10. Nbd2 Nxf3+ 11. Nxf3 a5 12. Be3 Bc5 13. Bxc5 Rxc5 14. Qd2 h6 15. b4 axb4 16. axb4 Rc8 17. b5 Ne7 18. Ra4 0-0 19. Rh4 f5 20. exf6 Rxf6 21. Ne5 Qc7 22. Re1 Nf5 23. Rh3 Rcf8 24. Ng4 R6f7 25. Bxf5 Rxf5 26. Nxh6+ gxh6 27. Qxh6 Kf7 28. Rxe6 Rg8 29. Qh7+ Kxe6 30. Qxg8+ Kd6 31. Qg3+ Re5 32. Rh6+ Be6 33. Qf4 Qf7 34. Qb4+ Kd7 35. b6 Qf4 36. Rh7+ Bf7 37. Qc3 Rf5 38. Qc2 Rf6 39. g3 Qc4 40. Qd1 Qa2 41. Qf1 Ke7 42. Qe1+ Kd7 43. Qf1 Kc6 44. Qc1+ Qc4 45. Qe3 d4 46. Qg5 Qe6 47. Qd2 Qe4 48. Rh4 Qb1+ 49. Kg2 Bd5+ 50. Kh3 Qf5+ 51. Rg4 Bg2+ 52. Kxg2 Qxg4 53. f4 Qd7 54. h4 Qd5+ 55. Kh3 Kxb6 56. Qd3 Qf5+ 0-1

[Event "Itapetininga IM 4th"]
[Site "Itapetininga"]
[Date "2012.11.04"]
[Round "1"]
[White "Oliveira, Silvio Eduardo"]
[Black "Crosa Coll, Martin"]
[Result "1/2-1/2"]
[WhiteElo "2321"]
[BlackElo "2352"]
[PlyCount "31"]
[EventDate "2012.11.04"]
[EventType "tourn"]
[EventRounds "10"]
[EventCountry "BRA"]
[EventCategory "3"]
[SourceTitle "EXT 2014"]
[Source "ChessBase"]
[SourceDate "2013.11.20"]
[SourceVersion "1"]
[SourceVersionDate "2013.11.20"]
[SourceQuality "1"]

1. e4 c5 2. Nf3 Nc6 3. Bb5 g6 4. Bxc6 dxc6 5. d3 Bg7 6. h3 Nf6 7. Nc3 0-0 8. Be3 b6 9. Qd2 e5 10. Bh6 Qd6 11. 0-0-0 a5 12. Nh2 Re8 13. Bxg7 Kxg7 14. Rdf1 Nh5 15. Ng4 f6 16. Kb1 1/2-1/2

[Event "Olympiad-40"]
[Site "Istanbul"]
[Date "2012.09.01"]
[Round "5.2"]
[White "Crosa Coll, Martin"]
[Black "Kukk, Sander"]
[Result "1-0"]
[WhiteElo "2344"]
[BlackElo "2173"]
[PlyCount "75"]
[EventDate "2012.08.28"]
[EventType "team-swiss"]
[EventRounds "11"]
[EventCountry "TUR"]
[SourceTitle "CBM 151"]
[Source "ChessBase"]
[SourceDate "2012.11.13"]
[SourceVersion "1"]
[SourceVersionDate "2012.11.13"]
[SourceQuality "1"]
[WhiteTeam "Uruguay"]
[BlackTeam "Estonia"]
[WhiteTeamCountry "URU"]
[BlackTeamCountry "EST"]

1. e4 g6 2. d4 Bg7 3. Nc3 d6 4. f4 Nf6 5. Nf3 0-0 6. Bd3 Nc6 7. 0-0 Bg4 8. Ne2 e5 9. c3 exd4 10. cxd4 Re8 11. h3 Bxf3 12. gxf3 Nh5 13. Be3 Nb4 14. Bc4 Qh4 15. Kh2 d5 16. a3 dxc4 17. axb4 Bf8 18. Qd2 b5 19. d5 Bd6 20. Rg1 Qe7 21. Nd4 Bxb4 22. Qc1 Qd7 23. Ra6 Bc5 24. Qc3 Bb6 25. Nf5 Bxe3 26. Nh6+ Kf8 27. Qxe3 Qxd5 28. Qc3 Qd7 29. f5 c6 30. Qh8+ Ke7 31. Qxh7 Qd2+ 32. Kh1 Rf8 33. fxg6 Nf6 34. Nf5+ Kd7 35. Qg7 Qxb2 36. Rd1+ Kc7 37. Nd4 Nd7 38. Ne6+ 1-0

[Event "Olympiad-40"]
[Site "Istanbul"]
[Date "2012.08.29"]
[Round "2.2"]
[White "Crosa Coll, Martin"]
[Black "Zapata, Alonso"]
[Result "0-1"]
[WhiteElo "2344"]
[BlackElo "2481"]
[PlyCount "74"]
[EventDate "2012.08.28"]
[EventType "team-swiss"]
[EventRounds "11"]
[EventCountry "TUR"]
[SourceTitle "CBM 151"]
[Source "ChessBase"]
[SourceDate "2012.11.13"]
[SourceVersion "1"]
[SourceVersionDate "2012.11.13"]
[SourceQuality "1"]
[WhiteTeam "Uruguay"]
[BlackTeam "Colombia"]
[WhiteTeamCountry "URU"]
[BlackTeamCountry "COL"]

1. e4 c5 2. Nf3 e6 3. c3 d5 4. exd5 exd5 5. d4 c4 6. b3 cxb3 7. axb3 Nc6 8. Bb5 Bd6 9. 0-0 Nge7 10. Ba3 0-0 11. Re1 Bg4 12. Nbd2 a6 13. Bd3 Ng6 14. Qb1 Bxa3 15. Rxa3 Qd6 16. b4 Rae8 17. Rxe8 Rxe8 18. Ra2 Bd7 19. Nb3 Na7 20. Nc5 Bc6 21. Re2 Rxe2 22. Bxe2 Qe7 23. Bd3 Bb5 24. g3 b6 25. Nxa6 Qb7 26. Bxb5 Nxb5 27. Qa1 Qc8 28. Qa4 Nxc3 29. Qb3 Ne2+ 30. Kf1 Nef4 31. gxf4 Qxa6+ 32. b5 Qa1+ 33. Kg2 Nxf4+ 34. Kg3 Ne2+ 35. Kg4 Qc1 36. Qxd5 Qc8+ 37. Kh4 Nf4 0-1

[Event "Sao Jose do Rio Preto 10th"]
[Site "Sao Jose do Rio Preto"]
[Date "2012.06.01"]
[Round "4"]
[White "Roselli Mailhe, Bernardo"]
[Black "Crosa Coll, Martin"]
[Result "1/2-1/2"]
[WhiteElo "2419"]
[BlackElo "2344"]
[PlyCount "34"]
[EventDate "2012.05.30"]
[EventType "tourn"]
[EventRounds "9"]
[EventCountry "BRA"]
[EventCategory "2"]
[SourceTitle "CBM 148 Extra"]
[Source "ChessBase"]
[SourceDate "2012.06.22"]
[SourceVersion "1"]
[SourceVersionDate "2012.06.22"]
[SourceQuality "1"]

1. d4 Nf6 2. c4 g6 3. Nc3 Bg7 4. e4 d6 5. f3 0-0 6. Be3 e5 7. dxe5 dxe5 8. Qxd8 Rxd8 9. Nd5 Nxd5 10. cxd5 c6 11. dxc6 Nxc6 12. Bc4 Be6 13. Bxe6 fxe6 14. Ne2 Rd3 15. Kf2 Rad8 16. Nc3 Bf8 17. Rhd1 Rxd1 1/2-1/2

[Event "Sao Jose de Rio Preto 160 Anos"]
[Site "Sao Jose do Rio Preto"]
[Date "2012.03.23"]
[Round "2"]
[White "Crosa Coll, Martin"]
[Black "Goncalves, Jorge Roberto"]
[Result "1-0"]
[WhiteElo "2350"]
[BlackElo "2070"]
[PlyCount "89"]
[EventDate "2012.03.23"]
[EventType "swiss"]
[EventRounds "6"]
[EventCountry "BRA"]
[SourceTitle "CBM 147 Extra"]
[Source "ChessBase"]
[SourceDate "2012.04.24"]
[SourceVersion "1"]
[SourceVersionDate "2012.04.24"]
[SourceQuality "1"]

1. e4 c5 2. Nf3 d6 3. d4 cxd4 4. Nxd4 Nf6 5. Nc3 a6 6. g3 e5 7. Nde2 Qa5 8. Bg2 Be7 9. 0-0 Be6 10. h3 Nbd7 11. Be3 b5 12. a3 Rc8 13. g4 h6 14. Ng3 Qc7 15. Nd5 Bxd5 16. exd5 g6 17. Qd2 h5 18. g5 Nh7 19. Rfe1 0-0 20. Re2 Rfe8 21. c3 Bf8 22. Be4 Bg7 23. Bc2 Nhf8 24. Ne4 f5 25. gxf6 Nxf6 26. Ng5 N6h7 27. Ne6 Qf7 28. f4 Nxe6 29. fxe5 Qe7 30. dxe6 Qxe6 31. exd6 Rcd8 32. Bb6 Qxe2 33. Qxe2 Rxe2 34. Bb3+ Kh8 35. Bxd8 Rd2 36. Be7 Be5 37. Rd1 Rxb2 38. d7 Bc7 39. d8Q+ Bxd8 40. Rxd8+ Kg7 41. Bd5 Nf6 42. Bf8+ Kh7 43. Bb7 a5 44. Rd6 Ne8 45. Re6 1-0

[Event "Paulista-chT Interclubes"]
[Site "Sao Paulo"]
[Date "2012.02.??"]
[Round "2"]
[White "Crosa Coll, Martin"]
[Black "Cunico, Giuliano Bernardo"]
[Result "1-0"]
[WhiteElo "2384"]
[BlackElo "2000"]
[PlyCount "38"]
[EventDate "2012.02.25"]
[EventType "team-tourn"]
[EventRounds "7"]
[EventCountry "BRA"]
[SourceTitle "EXT 2022"]
[Source "ChessBase"]
[SourceDate "2021.10.06"]
[SourceVersion "1"]
[SourceVersionDate "2021.10.06"]
[SourceQuality "1"]
[WhiteTeam "Rio Preto AC"]
[BlackTeam "Santos CX II"]
[WhiteTeamCountry "BRA"]
[BlackTeamCountry "BRA"]

1. e4 e5 2. Nf3 Nc6 3. Bc4 Bc5 4. 0-0 Nf6 5. d3 d6 6. c3 a6 7. Bb3 Ba7 8. Nbd2 0-0 9. h3 Be6 10. Re1 Bxb3 11. Qxb3 Qd7 12. Nf1 Nh5 13. Qd1 g6 14. d4 Rae8 15. Bh6 Ng7 16. Qd3 f6 17. Ne3 Nd8 18. Ng4 Qe6 19. Be3 Qf7 1-0

[Event "Paulista-chT Interclubes"]
[Site "Sao Paulo"]
[Date "2012.02.??"]
[Round "3"]
[White "Crosa Coll, Martin"]
[Black "Sztokbant, Bernardo Vainzoff"]
[Result "1-0"]
[WhiteElo "2384"]
[BlackElo "2016"]
[PlyCount "33"]
[EventDate "2012.02.25"]
[EventType "team-tourn"]
[EventRounds "7"]
[EventCountry "BRA"]
[SourceTitle "EXT 2022"]
[Source "ChessBase"]
[SourceDate "2021.10.06"]
[SourceVersion "1"]
[SourceVersionDate "2021.10.06"]
[SourceQuality "1"]
[WhiteTeam "Rio Preto AC"]
[BlackTeam "Sociedade Hebraica"]
[WhiteTeamCountry "BRA"]
[BlackTeamCountry "BRA"]

1. g3 d5 2. Bg2 Nf6 3. d3 e5 4. Nd2 c5 5. e4 Nc6 6. Ngf3 Be7 7. 0-0 0-0 8. c3 Qc7 9. Re1 Re8 10. exd5 Nxd5 11. Nc4 f6 12. Nfxe5 Be6 13. Nxc6 Qxc6 14. Qb3 b6 15. Na5 Ne3 16. Nxc6 Bxb3 17. Rxe3 1-0

[Event "Santos Paulista-ch"]
[Site "Santos"]
[Date "2011.12.04"]
[Round "5"]
[White "Mareco, Sandro"]
[Black "Crosa Coll, Martin"]
[Result "1-0"]
[WhiteElo "2583"]
[BlackElo "2384"]
[PlyCount "67"]
[EventDate "2011.12.02"]
[EventType "swiss"]
[EventRounds "6"]
[EventCountry "BRA"]
[SourceTitle "CBM 146 Extra"]
[Source "ChessBase"]
[SourceDate "2012.02.29"]
[SourceVersion "1"]
[SourceVersionDate "2012.02.29"]
[SourceQuality "1"]

1. d4 Nf6 2. c4 g6 3. Nc3 Bg7 4. e4 d6 5. Nf3 0-0 6. Be2 e5 7. 0-0 Nc6 8. d5 Ne7 9. Ne1 Nd7 10. Be3 f5 11. f3 f4 12. Bf2 g5 13. Rc1 Rf6 14. Nd3 Rh6 15. c5 Qe8 16. Nb5 Qh5 17. h4 Ng6 18. g4 fxg3 19. Bxg3 Ndf8 20. f4 g4 21. f5 Nxh4 22. Bxg4 Qg5 23. Nf2 Nxf5 24. exf5 Bxf5 25. Nxc7 Rc8 26. cxd6 Rg6 27. Ne6 Qxc1 28. Qxc1 Rxc1 29. Rxc1 Bxg4 30. Nxg4 Rxg4 31. Kh2 Kf7 32. Rc2 Kf6 33. Kh3 h5 34. Bh4+ 1-0

[Event "Santos Paulista-ch"]
[Site "Santos"]
[Date "2011.12.02"]
[Round "1"]
[White "Sztokbant, Bernardo Vainzoff"]
[Black "Crosa Coll, Martin"]
[Result "0-1"]
[WhiteElo "1969"]
[BlackElo "2384"]
[PlyCount "120"]
[EventDate "2011.12.02"]
[EventType "swiss"]
[EventRounds "6"]
[EventCountry "BRA"]
[SourceTitle "CBM 146 Extra"]
[Source "ChessBase"]
[SourceDate "2012.02.29"]
[SourceVersion "1"]
[SourceVersionDate "2012.02.29"]
[SourceQuality "1"]

1. e4 g6 2. d4 Bg7 3. Nf3 d6 4. Be2 Nd7 5. 0-0 a6 6. c4 c5 7. Nc3 cxd4 8. Nxd4 e6 9. Be3 b6 10. Qd2 Bb7 11. Rfd1 Ngf6 12. f3 0-0 13. Bg5 Re8 14. Nc2 Bf8 15. Rac1 Qc7 16. Ne3 Rac8 17. Nf1 Qb8 18. Kh1 Qa8 19. Qd4 Nh5 20. Ng3 Nxg3+ 21. hxg3 Rc5 22. Be3 f5 23. exf5 Rxf5 24. g4 Rf7 25. Rf1 Qd8 26. Bf2 Qg5 27. Qe3 Rf4 28. Nd5 Qh6+ 29. Kg1 Rf7 30. Nxb6 Ne5 31. Qxh6 Bxh6 32. Rcd1 Bf4 33. c5 d5 34. g3 Bh6 35. f4 Nc6 36. Bf3 g5 37. f5 Ne5 38. Be2 Bf8 39. Bd4 exf5 40. gxf5 Nc6 41. Bh5 Nxd4 42. Bxf7+ Kxf7 43. b4 Ne2+ 44. Kh2 Nc3 45. Rd2 g4 46. Rc2 Re3 47. Rd2 h5 48. Rdf2 Bh6 49. Rg1 Bg5 50. a4 Bc6 51. Nc8 Bf6 52. Nd6+ Kf8 53. Rd2 Be5 54. b5 axb5 55. axb5 Nxb5 56. Nxb5 Bxb5 57. Rgd1 Bxg3+ 58. Kg1 Bc6 59. Rxd5 Bxd5 60. Rxd5 Re5 0-1

[Event "Regina Helena Marques 8th"]
[Site "Santos"]
[Date "2011.11.30"]
[Round "7"]
[White "Bispo, Leonardo"]
[Black "Crosa Coll, Martin"]
[Result "1-0"]
[WhiteElo "2192"]
[BlackElo "2384"]
[PlyCount "70"]
[EventDate "2011.11.26"]
[EventType "team-tourn"]
[EventRounds "9"]
[EventCountry "BRA"]
[EventCategory "2"]
[SourceTitle "EXT 2013"]
[Source "ChessBase"]
[SourceDate "2012.11.22"]
[SourceVersion "1"]
[SourceVersionDate "2012.11.22"]
[SourceQuality "1"]

1. d4 e6 2. c4 f5 3. Nf3 Nf6 4. g3 d5 5. Bg2 c6 6. 0-0 Bd6 7. Nc3 h6 8. Qc2 g5 9. Rb1 a5 10. a3 0-0 11. b4 axb4 12. axb4 Qe8 13. b5 Nbd7 14. bxc6 bxc6 15. cxd5 exd5 16. Na4 Ra6 17. Nc5 Ra7 18. Nd3 Rc7 19. Bd2 Ne4 20. Ba5 Ra7 21. Bb4 Rc7 22. Bxd6 Nxd6 23. Nfe5 Nf6 24. Rb6 Bb7 25. Nc5 Bc8 26. Ncd3 Bb7 27. Rfb1 Ba8 28. Rb8 Qxb8 29. Rxb8 Rxb8 30. Nc5 Ra7 31. h3 Nfe4 32. Nxe4 Nxe4 33. Kh2 Kg7 34. Bxe4 fxe4 35. Qc5 Rbb7 1-0

[Event "Itapetininga ITT"]
[Site "Itapetininga"]
[Date "2011.11.10"]
[Round "8"]
[White "Crosa Coll, Martin"]
[Black "Blit, Jacques"]
[Result "1/2-1/2"]
[WhiteElo "2383"]
[BlackElo "2310"]
[PlyCount "21"]
[EventDate "2011.11.05"]
[EventType "tourn"]
[EventRounds "10"]
[EventCountry "BRA"]
[EventCategory "4"]
[SourceTitle "EXT 2013"]
[Source "ChessBase"]
[SourceDate "2012.11.22"]
[SourceVersion "1"]
[SourceVersionDate "2012.11.22"]
[SourceQuality "1"]

1. e4 e6 2. d4 d5 3. exd5 exd5 4. Bd3 Bd6 5. Nf3 Qe7+ 6. Qe2 Qxe2+ 7. Bxe2 c6 8. h3 Nf6 9. Be3 0-0 10. Nbd2 Bf5 11. 0-0-0 1/2-1/2

[Event "Itapetininga ITT"]
[Site "Itapetininga"]
[Date "2011.11.05"]
[Round "1"]
[White "Crosa Coll, Martin"]
[Black "Stamenkovic, Dragan"]
[Result "1/2-1/2"]
[WhiteElo "2383"]
[BlackElo "2422"]
[PlyCount "42"]
[EventDate "2011.11.05"]
[EventType "tourn"]
[EventRounds "10"]
[EventCountry "BRA"]
[EventCategory "4"]
[SourceTitle "EXT 2013"]
[Source "ChessBase"]
[SourceDate "2012.11.22"]
[SourceVersion "1"]
[SourceVersionDate "2012.11.22"]
[SourceQuality "1"]

1. e4 c5 2. Nf3 Nc6 3. d4 cxd4 4. Nxd4 g6 5. c4 Bg7 6. Be3 Nf6 7. Nc3 0-0 8. Be2 d6 9. 0-0 Bd7 10. Qd2 Nxd4 11. Bxd4 Bc6 12. f3 Nd7 13. Be3 a5 14. Rab1 Nc5 15. b3 Qb6 16. Rfc1 Rfc8 17. Rc2 Qd8 18. a3 Qf8 19. b4 axb4 20. axb4 Na4 21. Nxa4 Rxa4 1/2-1/2

[Event "Sao Jose do Rio Preto SMEL"]
[Site "Sao Jose do Rio Preto"]
[Date "2011.10.03"]
[Round "8"]
[White "Crosa Coll, Martin"]
[Black "Camargo, Peter Jackson Mille"]
[Result "1-0"]
[WhiteElo "1821"]
[BlackElo "2354"]
[PlyCount "49"]
[EventDate "2011.09.21"]
[EventType "tourn"]
[EventRounds "11"]
[EventCountry "BRA"]
[SourceTitle "EXT 2022"]
[Source "ChessBase"]
[SourceDate "2021.10.06"]
[SourceVersion "1"]
[SourceVersionDate "2021.10.06"]
[SourceQuality "1"]

1. e4 d5 2. exd5 Qxd5 3. Nc3 Qa5 4. Nf3 Bg4 5. h3 Bxf3 6. Qxf3 c6 7. Bc4 Nf6 8. 0-0 e6 9. d4 Be7 10. Qg3 g6 11. Bh6 Nbd7 12. a3 0-0-0 13. b4 Qb6 14. Rad1 a6 15. Na4 Qa7 16. Nc5 Nxc5 17. dxc5 b6 18. cxb6 Qxb6 19. Be3 Qb7 20. Qf3 Rxd1 21. Rxd1 Rd8 22. Rxd8+ Kxd8 23. Bd4 Nd5 24. Qxf7 Qd7 25. Bxa6 1-0

[Event "Sao Paulo FPX 70 Ann"]
[Site "Sao Paulo"]
[Date "2011.09.30"]
[Round "8.5"]
[White "Abdalla, Luiz Guilherme"]
[Black "Crosa Coll, Martin"]
[Result "0-1"]
[WhiteElo "2241"]
[BlackElo "2354"]
[PlyCount "162"]
[EventDate "2011.09.26"]
[EventType "tourn"]
[EventRounds "9"]
[EventCountry "BRA"]
[EventCategory "1"]
[SourceTitle "CBM 144 Extra"]
[Source "ChessBase"]
[SourceDate "2011.10.28"]
[SourceVersion "1"]
[SourceVersionDate "2011.10.28"]
[SourceQuality "1"]

1. Nf3 g6 2. c4 Bg7 3. Nc3 d6 4. g3 e5 5. Bg2 f5 6. d3 Nf6 7. 0-0 0-0 8. Rb1 h6 9. Bd2 g5 10. Ne1 f4 11. e3 Nc6 12. b4 Kh8 13. b5 Ne7 14. a4 Qe8 15. Ne4 Neg8 16. Nxf6 Nxf6 17. a5 Bg4 18. f3 Be6 19. e4 fxg3 20. hxg3 Nh5 21. g4 Nf4 22. Bxf4 gxf4 23. Kf2 Bf6 24. Rh1 Kg7 25. Nc2 Rb8 26. Qd2 Qd7 27. Nb4 c6 28. Na2 Qe7 29. Qb4 Qc7 30. Nc3 Be7 31. Qa4 a6 32. b6 Qd8 33. Ke2 Rf7 34. Rbd1 Bf6 35. g5 hxg5 36. Bh3 Qd7 37. Bxe6 Qxe6 38. Rdg1 Rh8 39. Rxh8 Kxh8 40. Qd1 Rh7 41. Rg2 Qh3 42. Qg1 Qh1 43. Nd1 Qxg1 44. Rxg1 Rh2+ 45. Nf2 Be7 46. Rd1 Kg7 47. Kf1 Kf7 48. Kg1 Rh8 49. Ng4 Ke6 50. Kg2 Bf6 51. Re1 Bg7 52. Re2 Rd8 53. Re1 Rd7 54. Re2 Re7 55. Re1 Rd7 56. Kh3 d5 57. exd5+ cxd5 58. Nxe5 Bxe5 59. d4 dxc4 60. Rxe5+ Kf6 61. Rc5 Rxd4 62. Rc7 Rd5 63. Rxc4 Rxa5 64. Rc7 Ra3 65. Kg2 Ra2+ 66. Kf1 g4 67. fxg4 Kg5 68. Rxb7 Kxg4 69. Rc7 Rb2 70. b7 Kg3 71. Ke1 a5 72. Rg7+ Kf3 73. Rc7 Rb1+ 74. Kd2 Kf2 75. Kc2 Rb6 76. Kd3 a4 77. Rc4 f3 78. Rxa4 Rxb7 79. Ra2+ Kg1 80. Ra1+ Kg2 81. Ra8 Rg7 0-1

[Event "Sao Paulo FPX 70 Ann"]
[Site "Sao Paulo"]
[Date "2011.09.29"]
[Round "6"]
[White "Terao, Rodrigo Akira"]
[Black "Crosa Coll, Martin"]
[Result "1/2-1/2"]
[WhiteElo "2358"]
[BlackElo "2354"]
[PlyCount "73"]
[EventDate "2011.09.26"]
[EventType "tourn"]
[EventRounds "9"]
[EventCountry "BRA"]
[EventCategory "1"]
[SourceTitle "CBM 144 Extra"]
[Source "ChessBase"]
[SourceDate "2011.10.28"]
[SourceVersion "1"]
[SourceVersionDate "2011.10.28"]
[SourceQuality "1"]

1. e4 c5 2. c3 d5 3. exd5 Qxd5 4. d4 Nc6 5. Be3 cxd4 6. cxd4 e5 7. Nc3 Bb4 8. Qd2 Nge7 9. Nxd5 Nxd5 10. Nf3 0-0 11. dxe5 Nxe3 12. fxe3 Bxd2+ 13. Kxd2 Rd8+ 14. Ke1 Bg4 15. Be2 Rd5 16. Kf2 Bxf3 17. gxf3 Rxe5 18. f4 Re7 19. Bf3 Nb4 20. Rad1 Rc8 21. Rd2 g6 22. Rhd1 Kg7 23. a3 Na6 24. b4 Rcc7 25. Rd8 h5 26. R1d2 Rc3 27. R8d7 Rcxe3 28. Bxb7 Rxd7 29. Rxd7 Rxa3 30. Bd5 Nxb4 31. Rxf7+ Kh6 32. Be4 Nd3+ 33. Bxd3 Rxd3 34. Rxa7 h4 35. Ra2 Rb3 36. Rc2 Kh5 37. Rc5+ 1/2-1/2